|
|
|
|
| LEADER |
00795nab a2200229 i 4500 |
| 001 |
misc65249 |
| 005 |
20231019121401.0 |
| 008 |
230928s1959 hu o 0|| ger d |
| 040 |
|
|
|a SZTE Miscellanea Repozitórium
|b hun
|
| 041 |
|
|
|a ger
|
| 100 |
1 |
|
|a Wittek Paul
|
| 245 |
1 |
0 |
|a Zu einigen frühosmanischen Urkunden III.
|h [elektronikus dokumentum] /
|c Wittek Paul
|
| 260 |
|
|
|a [Verband der Wissenschaftlichen Gesellschaften Österreichs]
|b Wien
|c 1959
|
| 300 |
|
|
|a 120-141
|
| 300 |
|
|
|a [20] p., 1 t.
|
| 490 |
0 |
|
|a Zu einigen frühosmanischen Urkunden
|
| 561 |
|
|
|a Németh Gyula hagyaték
|
| 591 |
|
|
|a NOA 6450
|
| 650 |
|
4 |
|a Bölcsészettudományok
|
| 650 |
|
4 |
|a Nyelvek és irodalom
|
| 695 |
|
|
|a Török nyelvemlék
|
| 856 |
4 |
0 |
|u http://misc.bibl.u-szeged.hu/65249/1/6450_noa.pdf
|z Dokumentum-elérés
|